Statistics for Top 10 Most Hindu States of India

Click here to take the quiz!

General Stats

  • This quiz has been taken 11 times
  • The average score is 6 of 10

Answer Stats

HintAnswer% Correct
88.57%Gujarat
91%
90.89%Madhya Pradesh
82%
88.49%Rajasthan
73%
87.58%Tamil Nadu
73%
87.46%Haryana
64%
88.46%Andhra Pradesh
55%
93.63%Odisha
55%
95.17%Himachal Pradesh
45%
93.93%Dadra and Nagar Haveli and Daman and Diu
18%
93.25%Chhatisgarh
9%

Score Distribution

Percentile by Number Answered

Percent of People with Each Score

Your Score History

You have not taken this quiz